Трикси Фикси и призрак кукольного театра (Запись № 10389690)

Подробности
000 -МАРКЕР
контрольное поле 01552nam0a2200373 4500
001 - ИДЕНТИФИКАТОР ЗАПИСИ
контрольное поле RU\NLR\BIBL_A\010563065
005 - ИДЕНТИФИКАТОР ВЕРСИИ
контрольное поле 20260406091226.0
010 ## - МЕЖДУНАРОДНЫЙ СТАНДАРТНЫЙ НОМЕР КНИГИ (ISBN)
Номер (ISBN) 978-5-17-088575-6
Тираж 10000
021 ## - НОМЕР ГОСУДАРСТВЕННОЙ РЕГИСТРАЦИИ
Код страны Российская Федерация
Номер 2015-29029
Номер Листа государственной регистраци 1716
021 ## - НОМЕР ГОСУДАРСТВЕННОЙ РЕГИСТРАЦИИ
Код страны Российская Федерация
Номер 2014-76795
Номер Листа государственной регистраци 4697
035 ## - ДРУГИЕ СИСТЕМНЫЕ НОМЕРА
Идентификатор записи (NILC)RuMoRGB-007568604
035 ## - ДРУГИЕ СИСТЕМНЫЕ НОМЕРА
Идентификатор записи (NLR Aleph) 010563065
100 ## - ДАННЫЕ ОБЩЕЙ ОБРАБОТКИ
Данные общей обработки 20141211d2014 |||y0rusy50 ca
101 0# - ЯЗЫК РЕСУРСА
Язык текста, звукозаписи и т.д. русский
102 ## - СТРАНА ПУБЛИКАЦИИ ИЛИ ПРОИЗВОДСТВА
Страна публикации Российская Федерация
105 ## - ПОЛЕ КОДИРОВАННЫХ ДАННЫХ: ТЕКСТОВЫЕ МАТЕРИАЛЫ, МОНОГРАФИЧЕСКИЕ
Кодированные данные о монографическом текстовом документе a|||z|||000ay
200 1# - ЗАГЛАВИЕ И СВЕДЕНИЯ ОБ ОТВЕТСТВЕННОСТИ
Основное заглавие Трикси Фикси и призрак кукольного театра
Сведения, относящиеся к заглавию [для младшего школьного возраста ]
Первые сведения об ответственности Катя Матюшкина
Последующие сведения об ответственности [рис. Кати Матюшкиной и Кати Оковитой]
210 ## - ПУБЛИКАЦИЯ, РАСПРОСТРАНЕНИЕ И ДР.
Место издания, распространения и т.д. Москва
Имя издателя, распространителя и т. д. АСТ
Дата издания, распространения и т.д. 2014
215 ## - ФИЗИЧЕСКАЯ ХАРАКТЕРИСТИКА
Специфическое обозначение материала и объем 77, [2] с.
Другие сведения о физической характеристике ил.
Размеры 20
225 1# - СЕРИЯ
Основное заглавие серии Звездные куколки
225 1# - СЕРИЯ
Основное заглавие серии Трикси Фрикси
333 ## - ПРИМЕЧАНИЯ ОБ ОСОБЕННОСТЯХ РАСПРОСТРАНЕНИЯ И ИСПОЛЬЗОВАНИЯ
Текст примечания 0+
686 0# - ИНДЕКСЫ ДРУГИХ КЛАССИФИКАЦИЙ
Индекс Ш9(2)60=Р7-2
700 #1 - ИМЯ ЛИЦА - ПЕРВИЧНАЯ ОТВЕТСТВЕННОСТЬ
Материалы, к которым относится поле rus
Графика поля Кириллица
Начальный элемент ввода Матюшкина
Часть имени, кроме начального элемента ввода Е. А.
Даты 1976-
Расширение инициалов личного имени Екатерина Александровна
Идентификатор авторитетной/нормативной записи RU\NLR\AUTH\7746761
Системный номер авторитетной/нормативной записи 29696
702 #1 - ИМЯ ЛИЦА - ВТОРИЧНАЯ ОТВЕТСТВЕННОСТЬ
Код отношения Иллюстратор
Материалы, к которым относится поле rus
Графика поля Кириллица
Начальный элемент ввода Матюшкина
Часть имени, кроме начального элемента ввода Е. А.
Даты 1976-
Расширение инициалов личного имени Екатерина Александровна
Идентификатор авторитетной/нормативной записи RU\NLR\AUTH\7746761
Системный номер авторитетной/нормативной записи 29696
702 #1 - ИМЯ ЛИЦА - ВТОРИЧНАЯ ОТВЕТСТВЕННОСТЬ
Код отношения Автор
Материалы, к которым относится поле rus
Графика поля Кириллица
Начальный элемент ввода Оковитая
Часть имени, кроме начального элемента ввода Е. В.
Даты 1980-
Расширение инициалов личного имени Екатерина Викторовна
Идентификатор авторитетной/нормативной записи RU\NLR\AUTH\7760013
Системный номер авторитетной/нормативной записи 42944
801 #0 - ИСТОЧНИК ЗАПИСИ
Страна Российская Федерация
Организация РГБ
Дата составления 20141016
Правила каталогизации RCR
942 ## - ДОПОЛНИТЕЛЬНЫЕ ЭЛЕМЕНТЫ ЗАПИСИ (АБИС)
Тип экземпляра АБИС Книга
980 ## - КОЛЛЕКЦИЯ
Название коллекции НБР
980 ## - КОЛЛЕКЦИЯ
Название коллекции Национальная библиография
Экземпляры
Тип экземпляра Дата поступления Стоимость Библиотека постоянного хранения Библиотека текущего хранения Место хранения Шифр хранения Штрих-код Статус экземпляра Источник поступления Нумерация / хронология для периодики
Книга 11.12.2014 0.00 РНБ (Московский) РНБ (Московский) Русский книжный фонд: издания с 1957 года 2014-4/15251 1-749873      
Книга 11.12.2014 90.00 РНБ (Московский) РНБ (Московский) Обменный фонд   1-749874      
Книга 27.05.2015 75.00 РНБ (Московский) РНБ (Московский) Обменный фонд   1-984516   Обязательный экземпляр 2015
Книга 27.05.2015 70.00 РНБ (Московский) РНБ (Московский) Обменный фонд   1-984515   Обязательный экземпляр 2015